Biotech's dictionary of toxicology / (Record no. 644)

MARC details
000 -LEADER
fixed length control field 00793 a2200217 4500
008 - FIXED-LENGTH DATA ELEMENTS--GENERAL INFORMATION
fixed length control field 080820t xxu||||| |||| 00| 0 eng d
010 ## - LIBRARY OF CONGRESS CONTROL NUMBER
LC control number ENG-84882
020 ## - INTERNATIONAL STANDARD BOOK NUMBER
International Standard Book Number 817622118X
Terms of availability 495.00
035 ## - SYSTEM CONTROL NUMBER
System control number EN-68415
037 ## - SOURCE OF ACQUISITION
Source of stock number/acquisition D.B.Act / Pub
082 ## - DEWEY DECIMAL CLASSIFICATION NUMBER
Classification number 615.9/003
245 ## - TITLE STATEMENT
Title Biotech's dictionary of toxicology /
Statement of responsibility, etc compiled and edited Dinesh Arora
246 ## - VARYING FORM OF TITLE
Title proper/short title Dictionary of toxicology
246 ## - VARYING FORM OF TITLE
Title proper/short title Toxicology
260 ## - PUBLICATION, DISTRIBUTION, ETC. (IMPRINT)
Place of publication, distribution, etc Delhi
Name of publisher, distributor, etc Biotech Books
Date of publication, distribution, etc 2004
300 ## - PHYSICAL DESCRIPTION
Extent 344 p. ;
Dimensions 22 cm.
Other physical details ill
650 ## - SUBJECT ADDED ENTRY--TOPICAL TERM
Topical term or geographic name as entry element Toxicology
General subdivision Dictionaries.
700 ## - ADDED ENTRY--PERSONAL NAME
Personal name Arora, Dinesh
942 ## - ADDED ENTRY ELEMENTS (KOHA)
Institution code [OBSOLETE] dpl
Koha item type English Books
Call number prefix 615.9003 /BIO
Source of classification or shelving scheme Dewey Decimal Classification
Classification part 615.9003
Call number suffix BIO
Holdings
Withdrawn status Lost status Damaged status Not for loan Home library Current library Date acquired Cost, normal purchase price Total Checkouts Full call number Barcode Date last seen Copy number Uniform Resource Identifier Cost, replacement price Price effective from Koha item type
        D.B.Act.Division D.B.Act.Division 20/08/2008 495.00   615.9003 BIO EN-68415 15/09/2008 1 634 495.00 15/09/2008 English Books

© Delhi Public Library
Hit Counter
free hit counter